Herodotus (Registro nro. 317872)

Detalles MARC
000 -ENCABEZADO
Número de control [NR] 02504nam a2200349 4500
005 - FECHA Y HORA DE LA ÚLTIMA TRANSACCIÓN
control field 20210723155323.0
008 - DE LONGITUD FIJA DE DATOS DE ELEMENTOS - INFORMACIÓN GENERAL
Elementos de longitud fija [NR] 160523s19201925enk |||fr|||| 001 0 mul d
020 ## - NUMERO INTERNACIONAL NORMALIZADO PARA LIBROS [R]
Número Internacional Normalizado del libro [NR] 9780674991309
020 ## - NUMERO INTERNACIONAL NORMALIZADO PARA LIBROS [R]
Número Internacional Normalizado del libro [NR] 9780674991316
020 ## - NUMERO INTERNACIONAL NORMALIZADO PARA LIBROS [R]
Número Internacional Normalizado del libro [NR] 9780674991330
020 ## - NUMERO INTERNACIONAL NORMALIZADO PARA LIBROS [R]
Número Internacional Normalizado del libro [NR] 9780674991347
040 ## - FUENTE DE CATALOGACION [NR]
Agencia de catalogación original [NR] CO-BoUCM
Idioma de catalogación [NR] spa
Quien Cataloga Sandra Yazo
Quien Clasifica Sandra Yazo
041 1# - CODIGO DE IDIOMA [R]
Código de idioma para texto/pista de sonido o título separado [R] Griego
-- Inglés
082 04 - NUMERO DE CLASIFICACION DECIMAL DEWEY [R]
Número de la edición [NR] 20
Número de clasificación [R] 938
092 ## - SIGNATURA TOPOGRAFICA LOCAL
Número de clasificación local E62N022
100 1# - ASIENTO PRINCIPAL--NOMBRE PERSONAL [NR]
Nombre personal [NR] Herodoto
ID Autoridad 61373
Fechas asociadas con el nombre [NR] 484-425 a.C.
242 00 - TRADUCCION DEL TITULO POR LA AGENCIA CATALOGADORA [R]
Título [NR] Heródoto.
Mención de responsabilidad, etc. [NR] Las Guerras Médicas.
Código de idioma del título traducido [NR] spa
245 10 - MENCION DE TITULO [NR]
Título [NR] Herodotus
Mención de responsabilidad, etc. [NR] With an english translation by A. D. Godley
Parte restante del título [NR] The Persian wars
260 ## - PUBLICACION, DISTRIBUCION, ETC. (PIE DE IMPRENTA) [R]
Lugar de publicación, distribución, etc. [R] London (Inglaterra)
Nombre del editor, distribuidor, etc. [R] Harvard University Press [Imprenta de la Universidad de Harvard]
Fecha de publicación, distribución, etc. [R] 1920-1925
300 ## - DESCRIPCION FISICA [R]
Extensión [R] 4 volúmenes (xxi, 504 ; xviii, 421 ; xviii, 574 ; xviii, 421 ; 399 páginas)
Dimensiones [R] 16 x 11 cm.
490 0# - MENCION DE SERIE [R]
Mención de serie [R] Loeb classical Library
Designación numérica/secuencial del volumen [NR] 117 ; 118 ; 119 ; 120
500 ## - NOTA GENERAL [R]
Nota general [NR] Detalles físicos: Encuadernación rígida. Cartón duro forrado en tela. Lomo con adornos en dorado. En la tapa delantera anagrama en dorado. Cubierta de papel verde con solapa, que incluye datos de autor y de la obra. Guardas. Hoja de cortesía. Anteportada. Portada impresa en una sola tinta; información sobre la obra dentro de un recuadro. Pequeño grabado con el emblema de la Colección (Palas Athenea); en el círculo, la inscripción “Loeb Classical Library”. Texto muy bien impreso en una sola columna: el texto griego, con párrafos numerados, ocupa la página derecha; la traducción inglesa correspondiente a la página de la izquierda. Notas de pie de página. Incluye índice. Hojas de cortesía posteriores y guardas. Incluye mapas
505 #0 - NOTA DE CONTENIDO CON FORMATO PREESTABLECIDO [R]
Nota de contenido con formato preestablecido [NR] V.1: Introducción general ; Introducción a los Libros I y II ; Las Guerras Médicas ; Libro I - 2 ; Índice de nombres propios ; Mapa de la zona occidental del Oriente Medio -- V.2: Introducción ; Las Guerras Médicas ; Libro III – V ; Índice de nombres propios ; Mapas -- V.3: Introducción ; Las Guerras Médicas ; Libro V-VII ; Índice de nombres propios ; Mapas -- V.4: Introducción ; Las Guerras Médicas ; Libro VIII-IX ; Índice de nombres propios ; Mapas
506 ## - NOTA DE RESTRICCIONES DE ACCESO [R]
Condiciones de acceso [NR] Consulta en sala
546 ## - NOTA DE IDIOMA [R]
Nota de idioma [NR] Texto en griego e inglés
650 #7 - ASIENTO SECUNDARIO DE MATERIA - TERMINO TEMATICO [R]
Término temático o nombre geográfico como elemento de entrada [NR] Literatura clásica
9 (RLIN) 18628
650 #7 - ASIENTO SECUNDARIO DE MATERIA - TERMINO TEMATICO [R]
Término temático o nombre geográfico como elemento de entrada [NR] Historiografia
9 (RLIN) 29111
Subdivisión geográfica [R] Grecia
651 04 - ASIENTO SECUNDARIO DE MATERIA - NOMBRE GEOGRAFICO [R]
Nombre geográfico [NR] Grecia
Subdivisión general [R] Aspectos culturales
9 (RLIN) 100619
690 ## - ASUNTO AGREGADO LOCAL DE ENTRADA - TÉRMINO TEMÁTICO (OCLC, RLIN)
Acceso temático local Historiografía
9 (RLIN) 16967
700 14 - ASIENTO SECUNDARIO - NOMBRE PERSONAL [R]
Nombre personal [NR] Godley, A. D.
Fechas asociadas con el nombre [NR] 1856-1925
Término de relación [R] traductor
Forma más completa del nombre [NR] (Alfred Denis)
9 (RLIN) 100620
942 ## - ELEMENTOS DE ENTRADA AGREGADOS (KOHA)
Sistema de clasificación LOCAL
Tipo de ítem principal el descrito en 300a Libro
Edición 1
Clasificación E62N022
Existencias
Suprimido Perdido Sistema de clasificación Dañado No prestable Tipo de ítem específico Ubicación habitual Ubicación actual Localización Fecha de creación Forma de adquisición Volúmen / Fascículo Total préstamos Signatura topográfica Código de barras Última vez visto Ejemplar Price effective from Tipo de ítem
    LOCAL     Libro archivo Archivo Histórico Archivo Histórico Archivo histórico 15/07/2020 Compra V.1   E62N022 L010206 15/07/2020 Ej.1 15/07/2020 Libro
    LOCAL     Libro archivo Archivo Histórico Archivo Histórico Archivo histórico 15/07/2020 Compra V.2   E62N022 L010207 15/07/2020 Ej.1 15/07/2020 Libro
    LOCAL     Libro archivo Archivo Histórico Archivo Histórico Archivo histórico 15/07/2020 Compra V.3   E62N022 L010208 15/07/2020 Ej.1 15/07/2020 Libro
    LOCAL     Libro archivo Archivo Histórico Archivo Histórico Archivo histórico 15/07/2020 Compra V.4   E62N022 L010209 15/07/2020 Ej.1 15/07/2020 Libro